| 000 | 00683nam a2200193 a 4500 | ||
|---|---|---|---|
| 001 | 000044017 | ||
| 005 | 20240305135616.0 | ||
| 008 | 140513s1991 sp 000 0 spa d | ||
| 020 | _a8479691093 | ||
| 040 |
_aDO-SdBNP _bspa _cBNPHU |
||
| 082 |
_axxxx _bxxxx |
||
| 100 | 1 |
_aDoyle, Arthur Conan, _d1859-1930 _913006 |
|
| 245 | 1 | 0 |
_aSherlock Holmes : _bEscándalo en Bohemia / _cArthur Conan Doyle ; traducción, Juan Manuel Ibeas. |
| 260 |
_a[Madrid] : _bCompañía Europea de Comunicación e Información, _c1991. |
||
| 300 |
_a93 p. ; _c19 cm. |
||
| 490 | 1 |
_aBiblioteca de El Sol _v90 |
|
| 700 | 1 | 2 |
_aIbeas Delgado, Juan Manuel _etr. _971993 |
| 830 | 0 |
_aBiblioteca de El Sol ; _n90 _971994 |
|
| 999 |
_c43506 _d43506 |
||